Βυζαντινή τέχνη

Αποθηκεύτηκε σε:
Λεπτομέρειες βιβλιογραφικής εγγραφής
Κύριος συγγραφέας: Delvoye, Charles
Άλλοι συγγραφείς: Παπαδάκη, Μαντώ (trlf)
Μορφή: Βιβλίο
Γλώσσα:Greek
Δημοσίευση: Αθήνα : Παπαδήμας, 1998.
Έκδοση:[3η έκδ.], συμπλ.
Θέματα:
Ετικέτες: Προσθήκη ετικέτας
Δεν υπάρχουν, Καταχωρήστε ετικέτα πρώτοι!

MARC

LEADER 00000cam a2200000 i 4500
001 1/83326
008 990602s1998 gr | ||| |||| ||gre||
020 |a 9602060034 
035 |l 10051320 
040 |a GR-MyUa  |b gre  |e AACR2 
041 0 |a gre 
082 7 |a 709.0214   |2 (22) 
100 1 |a Delvoye, Charles. 
245 1 0 |a Βυζαντινή τέχνη /   |c Charles Delvoye ; μετάφραση: Μαντώ Β.Παπαδάκη. 
250 |a [3η έκδ.], συμπλ.  
260 |a Αθήνα :   |b Παπαδήμας,   |c 1998. 
300 |a 575 σ. ;   |c 24 εκ.  
500 |a Τίτλος πρωτοτύπου: L'art Byzantin. 
500 |a Mε 24 έγχρωμες εικόνες. 
650 0 |a Art, Byzantine. 
700 1 |a Παπαδάκη, Μαντώ,  |e trlf 
852 |a INST  |b RHODES  |e 19990602  |h 709.0214 DEL  |p 005400015094  |q 005400015094  |t BK  |y 0 
901 |a BIBL4-1999-2 
922 |a 4ΕΛΗ  |b 199903  |d EMVASIS 
970 |z 02/06/1999